A ogni regione il suo cognome - Statistics

Statistiche generali
  • Questo quiz è stato fatto 85 volte
  • Il punteggio medio è 4 su 20
Statistiche sulle risposte
Hint Risposta % Corretto
LOMBARDIA Sala
40%
TRENTINO ALTO ADIGE Mair
37%
SICILIA Messina
37%
SARDEGNA Sanna
35%
PIEMONTE Ferrero
34%
CAMPANIA Coppola
32%
ABRUZZO D'Angelo
28%
VALLE D'AOSTA Valle
23%
LIGURIA Parodi
18%
TOSCANA Innocenti
17%
EMILIA ROMAGNA Montanari
17%
MARCHE Marinelli
12%
PUGLIA Santoro
12%
CALABRIA Romeo
11%
LAZIO Angelis
9%
VENETO Dalla
6%
FRIULI VENEZIA GIULIA Fabbro
5%
MOLISE Iorio
5%
BASILICATA Pace
5%
UMBRIA Proietti
5%
Nessun quiz corrispondente trovato
Distribuzione punteggi
Percentuale di utenti per punteggio
Percentile per numero di risposta
I tuoi punteggi nel tempo
Non hai fatto questo quiz